Goodbye to sequestration for rent (Record no. 76536)
[ view plain ]
| 000 -LEADER | |
|---|---|
| fixed length control field | 01261cab a2200217 4500 |
| 001 - CONTROL NUMBER | |
| control field | ##L132631 |
| 008 - FIXED-LENGTH DATA ELEMENTS--GENERAL INFORMATION | |
| fixed length control field | 060223n2006 000 0 eng u |
| 035 ## - SYSTEM CONTROL NUMBER | |
| System control number | (Sirsi) u132631 |
| 041 0# - LANGUAGE CODE | |
| Language code of text/sound track or separate title | eng |
| 100 1# - MAIN ENTRY--PERSONAL NAME | |
| Personal name | Streven, Andrew J. M. |
| 245 00 - TITLE STATEMENT | |
| Title | Goodbye to sequestration for rent |
| 260 ## - PUBLICATION, DISTRIBUTION, ETC. | |
| Date of publication, distribution, etc. | 2006 |
| 490 #0 - SERIES STATEMENT | |
| Series statement | Scots Law Times |
| Volume/sequential designation | (04)10 February 2006, 17-20(4) |
| 520 ## - SUMMARY, ETC. | |
| Summary, etc. | Suggests that the reforms to the landlord's hypothec and sequestration for rent contained in the Bankruptcy and Diligence etc (Scotland) Bill merit clarification and reconsideration. Considers in detail s194 of the Bill which will radically alter the landlord's hypothec, a long established security over moveable property, as well as abolishing sequestration for rent, the diligence by which that security is enforced. Regards the provision as currently framed to be problematic. |
| 590 ## - LOCAL NOTE (RLIN) | |
| Local note | IKA280206 |
| 650 24 - SUBJECT ADDED ENTRY--TOPICAL TERM | |
| Topical term or geographic name entry element | BANKRUPTCY AND DILIGENCE ETC (SCOTLAND) BILL 2005 |
| 650 24 - SUBJECT ADDED ENTRY--TOPICAL TERM | |
| Topical term or geographic name entry element | BANKRUPTCY AND DILIGENCE ETC (SCOTLAND) BILL 2005 S194 |
| 650 24 - SUBJECT ADDED ENTRY--TOPICAL TERM | |
| Topical term or geographic name entry element | DITCHBURN ORGANISATION (SALES) LTD V DUNDEE CORPORATION |
| 690 ## - LOCAL SUBJECT ADDED ENTRY--TOPICAL TERM (OCLC, RLIN) | |
| Topical term or geographic name as entry element | PROPERTY-COMMERCIAL PROPERTY-LEASEHOLD COMMERCIAL PROPERTY-COMMERCIAL LANDLORD AND TENANT-BUSINESS TENANCIES-BREACHING BUSINESS TENANCIES |
| 942 ## - ADDED ENTRY ELEMENTS (KOHA) | |
| Suppress in OPAC | 0 |
| Withdrawn status | Lost status | Source of classification or shelving scheme | Damaged status | Not for loan | Home library | Current library | Shelving location | Date acquired | Total Checkouts | Full call number | Barcode | Date last seen | Copy number | Price effective from | Koha item type |
|---|---|---|---|---|---|---|---|---|---|---|---|---|---|---|---|
| Dewey Decimal Classification | London | London | Journal article | 23/02/2006 | L132631 | 132631-1001 | 06/08/2019 | 1 | 06/08/2019 | Journal article |